Search the Library Catalogue
| 000 -LEADER | |
|---|---|
| fixed length control field | 02536nam a2200169Ia 4500 |
| 008 - FIXED-LENGTH DATA ELEMENTS--GENERAL INFORMATION | |
| fixed length control field | 260302s9999 xx 000 0 und d |
| 020 ## - INTERNATIONAL STANDARD BOOK NUMBER | |
| ISBN | 9780262550666 |
| 082 ## - DEWEY DECIMAL CLASSIFICATION NUMBER | |
| Classification number | 338.9109 |
| Item number | EAS |
| 100 ## - MAIN ENTRY--AUTHOR NAME | |
| Personal name | Easterly, William R. |
| 245 #0 - TITLE STATEMENT | |
| Title | Reinventing Foreign Aid / |
| Statement of responsibility, etc | Easterly, William R. |
| 260 ## - PUBLICATION, DISTRIBUTION, ETC. (IMPRINT) | |
| Name of publisher | MIT Press, |
| Year of publication | 2008 |
| 300 ## - PHYSICAL DESCRIPTION | |
| Number of Pages | 581 pages |
| 520 ## - SUMMARY, ETC. | |
| Summary, etc | Top experts in the field discuss how to improve the effectiveness of foreign aid, proposing practical solutions to specific problems rather than a utopian master plan. The urgency of reducing poverty in the developing world has been the subject of a public campaign by such unlikely policy experts as George Clooney, Alicia Keyes, Elton John, Angelina Jolie, and Bono. And yet accompanying the call for more foreign aid is an almost universal discontent with the effectiveness of the existing aid system. In Reinventing Foreign Aid, development expert William Easterly has gathered top scholars in the field to discuss how to improve foreign aid. These authors, Easterly points out, are not claiming that their ideas will (to invoke a current slogan) Make Poverty History. Rather, they take on specific problems and propose some hard-headed solutions. Easterly himself, in an expansive and impassioned introductory chapter, makes a case for the âsearchersââwho explore solutions by trial and error and learn from feedbackâover the âplannersââwho throw an endless supply of resources at a big goalâas the most likely to reduce poverty. Other writers look at scientific evaluation of aid projects (including randomized trials) and describe projects found to be cost-effective, including vaccine delivery and HIV education; consider how to deal with the government of the recipient state (work through it or bypass a possibly dysfunctional government?); examine the roles of the International Monetary Fund (a de-facto aid provider) and the World Bank; and analyze some new and innovative proposals for distributing aid. Contributors Abhijit Banerjee, Nancy Birdsall, Craig Burnside, Esther Duflo, Domenico Fanizza, William Easterly, Ruimin He, Kurt Hoffman, Stephen Knack, Michael Kremer, Mari Kuraishi, Ruth Levine, Bertin Martens, John McMillan, Edward Miguel, Jonathan Morduch, Todd Moss, Gunilla Pettersson, Lant Pritchett, Steven Radelet, Aminur Rahman, Ritva Reinikka, Jakob Svensson, Nicolas van de Walle, James Vreeland, Dennis Whittle, Michael Woolcock |
| 650 ## - SUBJECT ADDED ENTRY--TOPICAL TERM | |
| Topical Term | Business & Economics |
| 942 ## - ADDED ENTRY ELEMENTS (KOHA) | |
| Koha item type | English Books |
| Withdrawn status | Lost status | Damaged status | Not for loan | Home library | Current library | Shelving location | Date acquired | Full call number | Accession Number | Price effective from | Koha item type |
|---|---|---|---|---|---|---|---|---|---|---|---|
| Anna Centenary Library | Anna Centenary Library | 4TH FLOOR, A WING | 02.03.2026 | 338.9109 EAS | 462219 | 02.03.2026 | English Books |